| 000 | 00960njm a2200265Ia 4500 | ||
|---|---|---|---|
| 001 | 20967 | ||
| 003 | IT-RoPAU | ||
| 005 | 20220918181134.0 | ||
| 008 | 131025s9999 xx 000 0 und d | ||
| 040 | _aIT-RoPAU | ||
| 040 | _cIT-RoPAU | ||
| 999 |
_c100792 _d100792 |
||
| 999 | _bn.d. | ||
| 100 |
_aNono Luigi _94363 |
||
| 100 |
_eAutore musica _94364 |
||
| 100 |
_gCodice autore musica SPICS: 10797 _94365 |
||
| 245 | _aTerra e la compagna (La) | ||
| 250 | _a1a ed. | ||
| 260 | _aROMA | ||
| 260 |
_bSPICS RECORDS _c1982 [1a Ed.:1982 - Ed. Lingua Orig.: 1958] |
||
| 300 | _aMUSICASSETTA | ||
| 500 | _aMusica strumentale. | ||
| 505 | _aCanciones a Guiomar (1962) - Cori di Didone (1958) per coro e percussioni da "La Terra Prom" (32:00) - Y su sangue ya viene cantando per flauto e piccola orchestra - Como una ola de fuerza y luz per soprano, pianoforte, orchestra e nastro (32:00) | ||
| 650 |
_aSTRUMENTALE [CASSETTE] _eCodice MATERIA SPICS: 9951 _91218 |
||
| 942 |
_cMC _2ddc |
||